Great speeches of the 20th century / (Record no. 79721)
[ view plain ]
| 000 -LEADER | |
|---|---|
| campo de control de longitud fija | 01794cam a2200301 i 4500 |
| 001 - NÚMERO DE CONTROL | |
| campo de control | 110470 |
| 005 - FECHA Y HORA DE LA ÚLTIMA TRANSACCIÓN | |
| campo de control | 20230410130741.0 |
| 008 - DATOS DE LONGITUD FIJA--INFORMACIÓN GENERAL | |
| campo de control de longitud fija | 130611s2008 enka g 001 0 eng d |
| 020 ## - NÚMERO INTERNACIONAL ESTÁNDAR DEL LIBRO | |
| Número Internacional Estándar del Libro | 9781848090385 |
| 020 ## - NÚMERO INTERNACIONAL ESTÁNDAR DEL LIBRO | |
| Número Internacional Estándar del Libro | 1848090383 |
| 041 0# - CÓDIGO DE IDIOMA | |
| Código de lengua del texto/banda sonora o título independiente | eng |
| 050 14 - SIGNATURA TOPOGRÁFICA DE LA BIBLIOTECA DEL CONGRESO | |
| Número de clasificación | PN 6121 |
| Número de ítem | G786 2008 |
| 245 00 - MENCIÓN DEL TÍTULO | |
| Título | Great speeches of the 20th century / |
| Mención de responsabilidad, etc. | edited by Tom Clark ; foreword Germaine Greer |
| 246 3# - FORMA VARIANTE DEL TITULO | |
| Título propio/Titulo breve | Great speeches of the twentieth century |
| 260 ## - PUBLICACIÓN, DISTRIBUCIÓN, ETC. | |
| Lugar de publicación, distribución, etc. | London : |
| Nombre del editor, distribuidor, etc. | Preface, |
| Fecha de publicación, distribución, etc. | 2008. |
| 300 ## - DESCRIPCIÓN FÍSICA | |
| Extensión | 288 p. : |
| Otras características físicas | ill. ; |
| Dimensiones | 21 cm. |
| 440 #0 - MENCIÓN DE SERIE/PUNTO DE ACCESO ADICIONAL--TÍTULO | |
| Título | Theguardian |
| 500 ## - NOTA GENERAL | |
| Nota general | "Here are fourteen key speeches from the 20th century, introduced by prominent contemporary figures. They will remind you how, in the right hands, words can change the world" T.p. cover |
| 505 0# - NOTA DE CONTENIDO CON FORMATO | |
| Nota de contenido con formato | Introduction--- Emmeline Pankhust (Freedom or death)--- Virginia Woolf (Shakespeare;s sister)--- Franklin D. Roosevelt (The only thing we have to fear is fear itself)--- Winston Churchill (We shall fight on the beaches)--- Charles de Gaulle (The flam of french resistance)--- Jawaharlal Nehru(A tryst with destiny)--- Nikita Khrushchev (The cult of the individual)--- Aneurin Bevan (Weapons for squalid and trivial ends)--- Harold Macmillan (The wind of change)--- John F. Kennedy (Ask not what your country can do for you)--- Martin Luther King ( I have a dream)--- Nelson Mandela (An ideal for which I am prepared to die)--- Margaret Thatcher (The lady's not for turning)--- Earl Spencer ( The most hunted person of the modern age) |
| 650 #0 - PUNTO DE ACCESO ADICIONAL DE MATERIA--TÉRMINO DE MATERIA | |
| Término de materia o nombre geográfico como elemento de entrada | Speeches, addresses, etc., American. |
| 650 #0 - PUNTO DE ACCESO ADICIONAL DE MATERIA--TÉRMINO DE MATERIA | |
| Término de materia o nombre geográfico como elemento de entrada | Speeches, addresses, etc. |
| Subdivisión cronológica | 20th century. |
| 650 #0 - PUNTO DE ACCESO ADICIONAL DE MATERIA--TÉRMINO DE MATERIA | |
| Término de materia o nombre geográfico como elemento de entrada | Presidents |
| Subdivisión geográfica | United States |
| Subdivisión de forma | Messages. |
| 650 #0 - PUNTO DE ACCESO ADICIONAL DE MATERIA--TÉRMINO DE MATERIA | |
| Término de materia o nombre geográfico como elemento de entrada | Political oratory |
| 700 1# - ENTRADA AGREGADA--NOMBRE PERSONAL | |
| Nombre de persona | Clark, Tom, |
| Fechas asociadas al nombre | 1976- |
| 700 1# - ENTRADA AGREGADA--NOMBRE PERSONAL | |
| Nombre de persona | Greer, Germaine |
| 942 ## - ELEMENTOS DE ENTRADA SECUNDARIOS (KOHA) | |
| Fuente del sistema de clasificación o colocación | Clasificación de Library of Congress |
| Tipo de ítem Koha | |
| 946 ## - PROCESAMIENTO DE INFORMACIÓN LOCAL (OCLC) | |
| a | PP |
| Estatus retirado | Estado de pérdida | Fuente del sistema de clasificación o colocación | Estado de daño | No para préstamo | Colección | Biblioteca de origen | Biblioteca actual | Ubicación en estantería | Fecha de adquisición | Serial enumeration / chronology | Signatura topográfica completa | Código de barras | Visto por última vez | Copia número | Tipo de ítem Koha |
|---|---|---|---|---|---|---|---|---|---|---|---|---|---|---|---|
| Clasificación de Library of Congress | Humanidades | Biblioteca Juan Bosch | Biblioteca Juan Bosch | Humanidades (4to. Piso) | 10/04/2023 | 1 | PN 6121 G786 2008 | 00000067179 | 25/10/2018 | 1 |
